Get the interview every time : (Record no. 6607)
[ view plain ]
| 000 -LEADER | |
|---|---|
| fixed length control field | 01309nac a22002411u 4500 |
| 090 ## - LOCALLY ASSIGNED LC-TYPE CALL NUMBER (OCLC); LOCAL CALL NUMBER (OCLC) | |
| -- | 6607 |
| 008 - FIXED-LENGTH DATA ELEMENTS--GENERAL INFORMATION | |
| fixed length control field | 081124t 2004xxu||||| |||| 00| 0 eng d |
| 010 ## - LIBRARY OF CONGRESS CONTROL NUMBER | |
| LC control number | 2003023853 |
| 020 ## - INTERNATIONAL STANDARD BOOK NUMBER | |
| International Standard Book Number | 0793183022 (pbk.) |
| 082 00 - DEWEY DECIMAL CLASSIFICATION NUMBER | |
| Classification number | 650.14 |
| Item number | GRE |
| 100 ## - MAIN ENTRY--PERSONAL NAME | |
| Personal name | Greene, Brenda. |
| 245 10 - TITLE STATEMENT | |
| Title | Get the interview every time : |
| Remainder of title | Fortune 500 hiring professionals' tips for writing winning resumes and cover letters/ |
| Statement of responsibility, etc | Brenda Greene. |
| 260 ## - PUBLICATION, DISTRIBUTION, ETC. (IMPRINT) | |
| Place of publication, distribution, etc | Chicago, IL : |
| Name of publisher, distributor, etc | Dearborn Trade Publishing, |
| Date of publication, distribution, etc | 2004. |
| 300 ## - PHYSICAL DESCRIPTION | |
| Extent | xiv, 219 p. ; |
| Other physical details | ill. : |
| Dimensions | 28 cm. |
| 500 ## - GENERAL NOTE | |
| General note | Includes bibliographical references (p. 211-213) and index. |
| 504 ## - BIBLIOGRAPHY, ETC. NOTE | |
| Bibliography, etc | Includes bibliographical references (p. 211-213) and index. |
| 505 0# - FORMATTED CONTENTS NOTE | |
| Formatted contents note | Fortune 500 results -- Have you done your research? -- ReÌ?sumeÌ? format and design -- Writing that works -- Cover letters -- Electronic submissions -- Networking -- The interview -- Getting a job without a reÌ?sumeÌ? -- Three fortune 500 hiring professionals critique one reÌŒsumeÌŒ -- Sample reÌ?sumeÌ?s. |
| 650 #0 - SUBJECT ADDED ENTRY--TOPICAL TERM | |
| Topical term or geographic name as entry element | Job hunting. |
| 650 #0 - SUBJECT ADDED ENTRY--TOPICAL TERM | |
| Topical term or geographic name as entry element | Employment interviewing. |
| 856 41 - ELECTRONIC LOCATION AND ACCESS | |
| Materials specified | Table of contents |
| Uniform Resource Identifier | <a href="http://www.loc.gov/catdir/toc/ecip0410/2003023853.html">http://www.loc.gov/catdir/toc/ecip0410/2003023853.html</a> |
| 856 41 - ELECTRONIC LOCATION AND ACCESS | |
| Materials specified | Publisher description |
| Uniform Resource Identifier | <a href="http://www.loc.gov/catdir/enhancements/fy0659/2003023853-d.html">http://www.loc.gov/catdir/enhancements/fy0659/2003023853-d.html</a> |
| 942 ## - ADDED ENTRY ELEMENTS (KOHA) | |
| Item type | Book - Borrowing |
| Call number prefix | 650.14GRE |
| Source of classification or shelving scheme | Dewey Decimal Classification |
| Withdrawn status | Item status | Source of classification or shelving scheme | Damaged status | Not for loan | Home library | Current library | Shelving location | Date acquired | Source of acquisition | Total Checkouts | Full call number | Barcode | Date last seen | Date last borrowed | Koha item type |
|---|---|---|---|---|---|---|---|---|---|---|---|---|---|---|---|
| Dewey Decimal Classification | Central Library | Central Library | First floor | 27/11/2007 | Purchase | 1 | 650.14 GRE | 000008338 | 15/07/2025 | 06/02/2013 | Book - Borrowing |